Central Library OPAC University of Rajshahi

উনবিংশ শতকের গীতিকবিতা সংকলন / (Record no. 44791)

MARC details
000 -LEADER
fixed length control field 00990nam a22002417a 4500
001 - CONTROL NUMBER
control field 44791
003 - CONTROL NUMBER IDENTIFIER
rucl marc code BD-RjUL
005 - DATE AND TIME OF LATEST TRANSACTION
control field 20211209053922.0
008 - FIXED-LENGTH DATA ELEMENTS--GENERAL INFORMATION
fixed length control field 160720s1964 ii ||||| |||| 00| 0 ben d
020 ## - INTERNATIONAL STANDARD BOOK NUMBER
Terms of availability : TK 16.25
035 ## - SYSTEM CONTROL NUMBER
System control number (BD-RjUL)44909
040 ## - CATALOGING SOURCE
Original cataloging agency BD-RjUL
Language of cataloging ben
Transcribing agency BD-RjUL
041 ## - LANGUAGE CODE
Language code of text/sound track or separate title ben
082 ## - DEWEY DECIMAL CLASSIFICATION NUMBER
Edition number 23
Classification number 891.44108
Author mark and year BAU 1964
100 ## - MAIN ENTRY--PERSONAL NAME
Personal name বন্দ্যোপাধ্যায়, কুমার
9 (RLIN) 135388
245 10 - TITLE STATEMENT
Title উনবিংশ শতকের গীতিকবিতা সংকলন /
Statement of responsibility, etc. কুমার বন্দ্যোপাধ্যায়
260 ## - PUBLICATION, DISTRIBUTION, ETC. (IMPRINT)
Place of publication, distribution, etc. কলিকাতা :
Name of publisher, distributor, etc. মডার্ণ বুক,
Date of publication, distribution, etc. ১৯৬৪
300 ## - PHYSICAL DESCRIPTION
Pagination [৪৮], ৭৮৬ পৃ. ;
Size ১৭ সেমি.
650 ## - SUBJECT ADDED ENTRY--TOPICAL TERM
Topical term or geographic name as entry element বাংলা কবিতা
General subdivision সংগ্রহ
9 (RLIN) 126131
Topical term or geographic name as entry element Bengali Poetry
General subdivision Collection
9 (RLIN) 126132
700 ## - ADDED ENTRY--PERSONAL NAME
Personal name মুখোপাধ্যায়, অরুণকুমার
942 ## - ADDED ENTRY ELEMENTS (KOHA)
Source of classification or shelving scheme Dewey Decimal Classification
Koha item type Books
Holdings
Lost status Source of classification or shelving scheme Damaged status Not for loan Collection code Permanent Location Current Location Shelving location Date acquired Source of acquisition Cost, normal purchase price Total Checkouts Full call number Date last seen Copy number Koha item type
  Dewey Decimal Classification     Non-fiction Central Library, University of Rajshahi Central Library, University of Rajshahi   30/05/1973 Uttorbanga Library : Rajshahi 13.00   B 891.44108 BAU 1964 20/07/2016 C-2 Books
  Dewey Decimal Classification     Non-fiction Central Library, University of Rajshahi Central Library, University of Rajshahi   08/07/1960 Warsi Book Corporatin 13.14   B 891.44108 BAU 1964 17/08/2016 C-3 Books
  Dewey Decimal Classification     Non-fiction Central Library, University of Rajshahi Central Library, University of Rajshahi   08/07/1960 Warsi Book Corporatin 13.14   B 891.44108 BAU 1964 17/08/2016 C-4 Books
  Dewey Decimal Classification     Non-fiction Central Library, University of Rajshahi Central Library, University of Rajshahi   08/07/1960 Warsi Book Corporatin 13.14   B 891.44108 BAU 1964 17/08/2016 C-5 Books